Statistics for Cities and Villages in Kane County Illinois

Click here to take the quiz!

General Stats

  • This quiz has been taken 9 times
  • The average score is 14 of 31

Answer Stats

HintAnswer% Correct
CityElgin
100%
CityAurora
80%
VillageCarpentersville
80%
CityGeneva
80%
VillageAlgonquin
60%
VillageEast Dundee
60%
VillageElburn
60%
VillageHampshire
60%
VillageSleepy Hollow
60%
VillageSouth Elgin
60%
CitySt. Charles
60%
VillageWest Dundee
60%
VillageBarrington Hills
40%
VillageBartlett
40%
CityBatavia
40%
VillageBig Rock
40%
VillageBurlington
40%
VillageCampton Hills
40%
VillageGilberts
40%
VillageKaneville
40%
VillageMaple Park
40%
VillageNorth Aurora
40%
VillagePingree Grove
40%
VillageSugar Grove
40%
VillageVirgil
40%
VillageHuntley
20%
VillageLily Lake
20%
VillageMontgomery
20%
VillageWayne
20%
CityYorkville
20%
VillageHoffman Estates
0%

Score Distribution

Percentile by Number Answered

Percent of People with Each Score

Your Score History

You have not taken this quiz